Регионална библиотека "Любен Каравелов" - Русе

Стихотворения и поеми (Запис номер 188023)

MARC детайли
000 -Лидер
Контролно поле с фиксирана дължина 01529nam a2200325 c 4500
003 - Код на организацията, давaща контролен номер
Контролно поле BLK
005 - Дата и час на последна редакция
Контролно поле 20180422115553.0
008 - Елементи от данни с фиксирана дължина
fixed length control field 180411b bul|||||r ||||||| ||bul||
010 ## - Наследен системен номер
LC control number KNG00197041000
040 ## - Източник на каталожния запис
Идентификатор на билиотеката - собственик на записа BLK
041 ## - Код за език
Код за езика на текст/звукозапис или на отделно заглавие Български
Код за езика КДБФ Български
080 ## - УДК
Текстов определител УДК Руска литература
УДК код - определител по УДК 821.161.1
УДК определител -1
УДК - код + определител 821.161.1-1
100 1# - Редна дума - Автор
Автор Твардовски, Александр
Авторска отговорност първи автор
R(LIN) 344477
139 ## - Редно поле
Редна дума Твардовски, Александр
Авторски знак Тв - Т 43
245 10 - Сведения за заглавието
Заглавие Стихотворения и поеми
Редно поле (дума) Александр Твардовски; прев. от рус. Андрей Германов; прев. от рус. Найден Вълчев; предг. от Найден Вълчев.
257 ## - Страна на издаване
Страна на създаване/издаване България
260 ## - Област на издателските данни
-- София
Име на издателя, разпространителя и проч. Нар. култура
Година на издаване 1982
300 ## - Физическа характеристика
Страници 352 с.
Размери/Мащаб 21 см
380 ## - Жанр
Жанр Худож. лит.
490 1# - СЕРИИ (Колекции)
Име на серия Библиотека Световна класика
500 ## - Общи забележки
Забележка Прев. е направен от Стихотворения. Поеми. 1971 ; Василий Теркин. Москва, 1973. - 12 125 тир. - Съдържа : Лирика. Страна Муравия. Василий Тьоркин.
700 1# - Други автори (авторска отговорност)
Лично име Германов, Андрей
Автороска отговорност (Описва отношението между автора и произведението) прев. от рус.
9 (RLIN) 364341
700 1# - Други автори (авторска отговорност)
Лично име Вълчев, Найден
Автороска отговорност (Описва отношението между автора и произведението) прев. от рус.
9 (RLIN) 377049
700 1# - Други автори (авторска отговорност)
Лично име Вълчев, Найден
Автороска отговорност (Описва отношението между автора и произведението) предг. от
9 (RLIN) 377049
852 ## - Местоположение
Форматна сигнатура Цб 113854
856 4# - Електронен адрес и достъп
Електронен формат pdf - файл
Път до файла /url/
856 4# - Електронен адрес и достъп
Електронен формат pdf - файл
Път до файла /url/
942 ## - АРТИКУЛИ
Вид на библиотечния материал Книги
Скрит в OPAC Не
944 ## - СЪЗДАВАНЕ И РЕДАКЦИЯ на ЗАПИСА
Създаване/Редакция Създаване
Дата на регистрацията/редакция 30.11.2016
Служител, извършил регистрацията/редакцията Нора_Радева
944 ## - СЪЗДАВАНЕ И РЕДАКЦИЯ на ЗАПИСА
Създаване/Редакция Редакция
Дата на регистрацията/редакция 30.11.2016
Служител, извършил регистрацията/редакцията Нора_Радева
999 ## - СИСТЕМНИ КОНТРОЛНИ НОМЕРА
Koha biblionumber 188023
Koha biblioitemnumber 188023
Наличности
Код за отписване Код за изгубен артикул Източник на класификационната схема Код за повреда Коз за рестрикции Код за отдаване Артикулен № Име на библиотеката - собственик Име на библиотеката, в която се намира в момента Статус (Текущо местоположение) Дата на вписване в системата Местоположение - отдел Цена в лева Инвентарен номер Систематично азбучна сигнатура Баркод Номер на екземпляра Цена в евро Служебна бележка Служебен тип на артикула Бележка за публиката
  Не е изгубен Universal Decimal Classification Не е повреден без рестрикции ползва се в читалня 329012 Регионална библиотека "Любен Каравелов" Русе Регионална библиотека "Любен Каравелов" Русе Хранилище 1982-01-01 Хранилище 3.54 350349 Цб 113854 900000012524 1 1.81 Вид: Сф Дата: 01.01.1982 Книги  
Изтеглен Не е изгубен Universal Decimal Classification Не е повреден без рестрикции заемане за дома 329013 Регионална библиотека "Любен Каравелов" Русе Регионална библиотека "Любен Каравелов" Русе Заемна - подръчен фонд 1982-01-01 Заемна - подръчен фонд 3.54 348906 П 882-1/Т 43 348906 2 1.81 Вид: Сф Дата: 01.01.1982 Дата инв: 09.02.2018 Бележки инв: П2018 Книги  
Изтеглен Не е изгубен   Не е повреден без рестрикции заемане за дома 329014 Регионална библиотека "Любен Каравелов" Русе Регионална библиотека "Любен Каравелов" Русе   1982-01-01 Заемна - подръчен фонд 3.54 348907 П 882-1/Т 43 348907 3 1.81 Вид: Сф Дата: 01.01.1982 Книги Отч.N: 3 , Дата: 17.01.2018
Vip Innovations Ltd, Rousse, Bulgaria 2025